[Event "POL-chT 2nd League"]
[Site "Jastrzebia Gora"]
[Date "2023.09.07"]
[Round "6.101"]
[White "Wozny, Tomasz"]
[Black "Hladun, Bartlomiej"]
[Result "1-0"]
[WhiteElo "1757"]
[BlackElo "1693"]
[PlyCount "104"]
[EventDate "2023.09.02"]
[EventType "team-swiss"]
[EventRounds "9"]
[EventCountry "POL"]
[SourceTitle "EXT 2024"]
[Source "ChessBase"]
[SourceDate "2023.10.10"]
[SourceVersion "1"]
[SourceVersionDate "2023.10.10"]
[SourceQuality "1"]
[WhiteTeam "Rzeszow Szachownica"]
[BlackTeam "Gdynia MDK"]
[WhiteTeamCountry "POL"]
[BlackTeamCountry "POL"]

1. d4 d5 2. Nf3 Nf6 3. c4 c6 4. g3 Bf5 5. Bg2 h6 6. 0-0 e6 7. Nc3 Be7 8. Re1 0-0 9. Qb3 Qb6 10. c5 Qxb3 11. axb3 Na6 12. Bf4 g5 13. Be3 Nb4 14. Rec1 Nc2 15. Ra2 Nxe3 16. fxe3 Ng4 17. Nd1 Rfe8 18. h3 Nf6 19. g4 Bh7 20. Nc3 Nd7 21. Rca1 a6 22. b4 Rab8 23. e4 dxe4 24. Nd2 f5 25. gxf5 exf5 26. e3 Nf6 27. Bf1 f4 28. Re1 Bf8 29. Bc4+ Kh8 30. Nb3 Rbd8 31. Na5 Re7 32. Nxc6 bxc6 33. Rxa6 Rb7 34. b5 Rc8 35. Be6 Rcc7 36. b6 Re7 37. Bc8 Rb8 38. b7 Rexb7 39. Bxb7 Rxb7 40. Rxc6 Nh5 41. Rb6 Rg7 42. Rb8 Rg8 43. c6 Bf5 44. c7 g4 45. h4 f3 46. Rb5 Bc8 47. Rxh5 g3 48. Nxe4 Bd6 49. Rxh6+ Kg7 50. Rxd6 Bb7 51. Nxg3 Kf7 52. Kf2 Ba8 1-0

[Event "Plzen Calliditas op"]
[Site "Plzen"]
[Date "2023.08.23"]
[Round "6"]
[White "Hladun, Bartlomiej"]
[Black "Klement, Lukas"]
[Result "0-1"]
[WhiteElo "1632"]
[BlackElo "2304"]
[PlyCount "112"]
[EventDate "2023.08.19"]
[EventType "swiss"]
[EventRounds "9"]
[EventCountry "CZE"]
[SourceTitle "EXT 2024"]
[Source "ChessBase"]
[SourceDate "2023.10.10"]
[SourceVersion "1"]
[SourceVersionDate "2023.10.10"]
[SourceQuality "1"]

1. Nf3 Nf6 2. d4 g6 3. c4 Bg7 4. g3 0-0 5. Bg2 d6 6. 0-0 Nc6 7. Nc3 a6 8. Re1 Rb8 9. e4 Bg4 10. h3 Bxf3 11. Bxf3 e5 12. dxe5 Nxe5 13. Be2 Re8 14. Be3 Qd7 15. Kg2 Qc6 16. f3 Nxc4 17. Bd4 b5 18. b3 Ne5 19. Rc1 Qb7 20. Bf2 Ned7 21. Qd2 Rbd8 22. Red1 Nb6 23. Bxb6 Qxb6 24. Nd5 Nxd5 25. Qxd5 c5 26. f4 Qa5 27. Rc2 Bd4 28. Bf3 Qb4 29. h4 h5 30. Be2 Kg7 31. Bd3 Bf6 32. Be2 Qxe4+ 33. Qxe4 Rxe4 34. Bf3 Rd4 35. Rxd4 Bxd4 36. Bd5 Re8 37. Bb7 a5 38. Bc6 Rb8 39. Kf3 Rb6 40. Bd5 a4 41. Re2 Kf8 42. Ke4 axb3 43. axb3 Ra6 44. Rc2 Ra3 45. Rg2 f5+ 46. Kd3 Bf6 47. Kc2 c4 48. Re2 Rxb3 49. Re6 Bd4 50. Rxg6 Rb2+ 51. Kc1 c3 52. Re6 Bc5 53. Bf3 Rf2 54. Bd1 Ba3+ 55. Kb1 Rb2+ 56. Ka1 c2 0-1

[Event "Poznan op 28th"]
[Site "Poznan"]
[Date "2021.08.21"]
[Round "8"]
[White "Hladun, Bartlomiej"]
[Black "Jagodzinski, Olaf"]
[Result "1-0"]
[WhiteElo "1639"]
[BlackElo "1519"]
[PlyCount "45"]
[EventDate "2021.08.15"]
[EventType "swiss"]
[EventRounds "9"]
[EventCountry "POL"]
[SourceTitle "CBM 203 Extra"]
[Source "ChessBase"]
[SourceDate "2021.09.30"]
[SourceVersion "1"]
[SourceVersionDate "2021.09.30"]
[SourceQuality "1"]

1. Nf3 Nf6 2. d4 e6 3. c4 d5 4. g3 Bb4+ 5. Bd2 Be7 6. Bg2 0-0 7. 0-0 dxc4 8. Qc2 c5 9. dxc5 Nbd7 10. Qxc4 Nxc5 11. Nc3 Bd7 12. b4 Na6 13. a3 Rc8 14. Qb3 Bc6 15. Rfd1 Nd5 16. Ne5 Nxc3 17. Bxc3 Qc7 18. Bxc6 Bd6 19. Rxd6 Qxd6 20. Bxb7 Rc7 21. Nc4 Qd7 22. Bxa6 Qc6 23. Be5 1-0

[Event "Poznan op 28th"]
[Site "Poznan"]
[Date "2021.08.16"]
[Round "3"]
[White "Lakowski, Filip"]
[Black "Hladun, Bartlomiej"]
[Result "0-1"]
[WhiteElo "1196"]
[BlackElo "1639"]
[PlyCount "46"]
[EventDate "2021.08.15"]
[EventType "swiss"]
[EventRounds "9"]
[EventCountry "POL"]
[SourceTitle "CBM 203 Extra"]
[Source "ChessBase"]
[SourceDate "2021.09.30"]
[SourceVersion "1"]
[SourceVersionDate "2021.09.30"]
[SourceQuality "1"]

1. e4 c5 2. c3 g6 3. d4 cxd4 4. cxd4 d5 5. e5 Nc6 6. Nf3 Bg4 7. Be2 e6 8. a3 Nh6 9. Nc3 Nf5 10. Be3 Bg7 11. h3 Bxf3 12. Bxf3 0-0 13. g4 Nxe3 14. fxe3 Qh4+ 15. Ke2 f6 16. exf6 Qxf6 17. Rf1 Qh4 18. Bg2 Qg3 19. Rxf8+ Rxf8 20. Qg1 Nxd4+ 21. Kd3 Nf3 22. Bxf3 Qxf3 23. Qh2 d4 0-1

[Event "POL-chT U19 2nd League"]
[Site "Szczyrk"]
[Date "2014.07.28"]
[Round "5.127"]
[White "Kokoszczynski, Jan"]
[Black "Hladun, Bartlomiej"]
[Result "1-0"]
[WhiteElo "1753"]
[BlackElo "1295"]
[PlyCount "43"]
[EventDate "2014.07.25"]
[EventType "team-swiss"]
[EventRounds "11"]
[EventCountry "POL"]
[SourceTitle "EXT 2015"]
[Source "ChessBase"]
[SourceDate "2014.11.20"]
[SourceVersion "1"]
[SourceVersionDate "2014.11.20"]
[SourceQuality "1"]
[WhiteTeam "Chylice KS Laura U19 II"]
[BlackTeam "Gdynia MDK U19"]
[WhiteTeamCountry "POL"]
[BlackTeamCountry "POL"]

1. d4 Nf6 2. c4 g6 3. Nc3 Bg7 4. e4 d6 5. f4 0-0 6. Nf3 c5 7. dxc5 dxc5 8. Bd3 Nc6 9. e5 Nd7 10. 0-0 Nb6 11. Be3 Nd4 12. Bxd4 cxd4 13. Nb5 Bg4 14. Nbxd4 Rc8 15. Rc1 Qd7 16. Be2 f6 17. h3 Be6 18. c5 Nd5 19. Bb5 Qd8 20. Nxe6 Qa5 21. Qxd5 Qxb5 22. Ned4+ 1-0